[Event "Brasilia-ch op"]
[Site "Brasilia"]
[Date "2015.11.01"]
[Round "5"]
[White "Lima, Flavio Maranhao"]
[Black "Da Silva, Juliana Ferreira"]
[Result "1-0"]
[WhiteElo "1800"]
[BlackElo "1800"]
[PlyCount "41"]
[EventDate "2015.10.30"]
[EventType "swiss"]
[EventRounds "7"]
[EventCountry "BRA"]
[SourceTitle "CBM 169 Extra"]
[Source "ChessBase"]
[SourceDate "2015.12.18"]
[SourceVersion "1"]
[SourceVersionDate "2015.12.18"]
[SourceQuality "1"]

1. e4 c5 2. Nf3 Nc6 3. d4 cxd4 4. Nxd4 Nf6 5. Nc3 e5 6. Nb3 Bb4 7. Bg5 d6 8. Bc4 0-0 9. 0-0 h6 10. Bd2 Bxc3 11. Bxc3 Nxe4 12. Bd5 Nxc3 13. bxc3 Ne7 14. Bf3 Nf5 15. Bg4 Qf6 16. Qf3 Re8 17. Rad1 Rb8 18. Rfe1 g6 19. Bxf5 Bxf5 20. h4 e4 21. Qf4 1-0

[Event "Brasilia-ch op"]
[Site "Brasilia"]
[Date "2015.10.31"]
[Round "2"]
[White "Moraes Silva, Carlos Alessandro"]
[Black "Da Silva, Juliana Ferreira"]
[Result "1-0"]
[WhiteElo "1696"]
[BlackElo "1800"]
[PlyCount "53"]
[EventDate "2015.10.30"]
[EventType "swiss"]
[EventRounds "7"]
[EventCountry "BRA"]
[SourceTitle "CBM 169 Extra"]
[Source "ChessBase"]
[SourceDate "2015.12.18"]
[SourceVersion "1"]
[SourceVersionDate "2015.12.18"]
[SourceQuality "1"]

1. c4 c5 2. Nf3 Nc6 3. Nc3 Nf6 4. e3 d6 5. d4 cxd4 6. exd4 Bf5 7. Bd3 Bxd3 8. Qxd3 Nb4 9. Qd1 g6 10. Qa4+ Nc6 11. d5 Qa5 12. dxc6 Qxa4 13. Nxa4 bxc6 14. 0-0 c5 15. Re1 Bg7 16. Bf4 Rc8 17. Rad1 e5 18. Bxe5 0-0 19. Bxd6 Rfe8 20. Bxc5 Rxe1+ 21. Rxe1 Re8 22. b3 a5 23. h3 Bf8 24. Bxf8 Kxf8 25. Ne5 Kg7 26. c5 Nd7 27. Nxd7 1-0